01317agaaa2200289 45000010005000000030009000050050017000140070009000310080040000400400023000800410013001031000043001161300017001592450130001762500022003062600127003283000033004555080075004885110092005635200094006555380016007495460013007656500064007787000065008427000054009077000066009616461IT-RoPAU20220918181248.0d cvaizq50131s9999||||xx ||| | || ||und|| aIT-RoPAUcIT-RoPAU aITALIANO aEuripide gCodice regista SPICS: 32686 aTROIANE (LE) aTROIANE (LE)cSceneggiatura: Cottafavi Vittorio -- Diretto da: Euripide pTROIANE (LE) (Rif. Codice opera principale : C6461) aEdizione Standard aROMA (ITALIA)bRAI - RADIO TELEVISIONE ITALIANA / Distribuzione: UNIVIDEOg"1992 (1° ed.: 1994 ; Ed. Lingua Orig.: n.d.)" aVHSbsonoro, col.c88 minuti a"Musica: Rubin De Cervin Ernesto; Sceneggiatura: Cottafavi Vittorio; " a"Lupi Roldano; Ruspoli Esmeralda; Ferrati Sarah; Angeleri Lia; Orlando Orazio; Guarnie" aTRAGEDIA GRECA. POSEIDONE. ATENA. ECUBA. CORIFEA. TALTIBIO. CASSANDRA. ANDROMACA MENELAO. aPAL, STEREO aITALIANO aTRAGEDIAeTV-TEATRO/DANZA [VHS]xCodice MATERIA SPICS: 9961 aCottafavi Vittorio e(soggetto)gCodice Soggetto SPICS: 1501 aEuripide e(regista)gCodice regista SPICS: 32686 aRubin De Cervin Ernestoe(musica)gCodice Musica SPICS: 32875